000 00392nam a2200145Ia 4500
008 230411s9999 xx 000 0 und d
020 _a81-7042-099-7
041 _aeng
082 _aPS/616.89/RAO/KUR/B00706
100 _aRao Venkoba & Kuruvilla K
_9176715
245 _aPsychiatry
260 _bB I Churchill Living Stone
_aNew Delhi
_c1997
300 _a256p
999 _c152148
_d152148